ロード中...

LITERATURE SERVICE RESINS RUBBERS PLASTICS

書誌詳細
第一著者: MARK H & E S PROSKAUEH
フォーマット: Printed Book
出版事項: Introduction to Social Psychology
主題:
LEADER 00596nam a2200181 4500
020
082 |a 547.843 4 MAR 
100 |a MARK H & E S PROSKAUEH 
245 |a LITERATURE SERVICE RESINS RUBBERS PLASTICS  |h ENGLISH 
250
260 |b Introduction to Social Psychology  |c   
300 |a 0  |f HB 
500 |a   
590 |d   
650 |a LITERATURE SERVICE RESINS RUBBERS PLASTICS 
942 |c BK 
999 |c 120576  |d 120576 
952 |0 0  |1 0  |4 0  |6 547_843000000000000_4_MAR  |7 0  |9 134039  |a CHE  |b CHE  |l 0  |o 547.843 4 MAR  |p CHE1885  |r 2019-10-15  |w 2019-10-15  |y BK